000 01877nam a2200289Ia 4500
003 OSt
005 20210719131621.0
008 210310s2008 us a gr 00010 spa d
020 _a9789588307206
040 _aCO-JMCR
_cCO-JMCR
041 1 _aspa
_heng
082 0 4 _a332.0415098
_bT689m
_223
100 1 _aDe la Torre, Augusto,
_eautor
_926878
245 1 0 _aMercados de capitales emergentes y globalización la experiencia de América Latina /
_cAugusto de la Torre, Sergio L. Schmukler ; traducción ala castellano, Gladys Arango
250 _aPrimera edición
260 _aWashington DC. :
_bBanco Mundial,
_c2008.
300 _axviii, 260 páginas :
_bilustraciones y gráficas en blanco y negro ;
_c23 cm.
500 _aIncluye índices.
505 0 _a¿Qué futuro tendrá el desarrollo del mercado de capitales?. -- Desarrollos en los mercados de capitales. -- Factores detrás del desarrollo y de la internacionalización de los mercados de capitales. -- Futuro probable de la agenda de reformas. --
520 0 _aA principios de la década de 1990, economistas y diseñadores de políticas tuvieron grandes expectativas acerca de las perspectivas para el desarrollo doméstico del mercado de capitales en economías emergentes. Infortunadamente, ahora están enfrentados a resultados desalentadores. Muchos mercados de bonos y de acciones permanecen ilíquidos y segmenta dos. La deuda tiende a estar concentrada en el extremo de corto plazo del espectro de vencimientos y denominada en moneda extranjera, exponiendo a los países a riesgos de vencimiento y de moneda.
650 1 4 _aGlobalización
_zAmérica Latina.
_926880
650 2 4 _aInversiones
_zAmérica Latina.
_938553
650 2 4 _aMercados de capitales
_zAmérica Latina.
_938554
700 1 _aSchmukler, Sergio L.,
_eautor
_938555
700 1 _aArango, Gladys,
_etraductora
_938556
942 _2ddc
_cBK
999 _c11946
_d11946